00535nam a22001457a 4500020001500000040000900015082001900024100002500043245006800068260003700136650007600173942001200249999001900261952010900280 a8121901626 cNust a621.20424bKHU a R.S. Khurmi 927450 aA textbook of Hydraulics Fluid Mechanics and hydraulic machines aNew Delhi:bS Chand & Co,c1994. aA textbook of Hydraulics Fluid Mechanics and hydraulic machines9126162 2ddccBK c612707d612707 00102ddc4070aCEMEbCEMEcGENd2025-01-17l0o621.20424 KHUpCEME- 36838r2025-01-17w2025-01-17yBK